Quizzes
Events
Quiz Creation
Community
Videos
Private Events
Remove Ads
Sign In
Join for FREE
Feedback
Dark Mode
Quiz Categories
Sports
Geography
Music
Movies
Television
Just For Fun
Miscellaneous
History
Literature
Language
Science
Gaming
Entertainment
Religion
Holiday
For Kids
Quiz Lab
Recent
Popular Today
Quiz Kudos Today
Editor Picks
Curator Picks
Quizzes by...
Day
Popularity
Type
Ratings
Length
Year
Community
Subscriptions
Recent Discussions
Orange Saloon
Badges
Playlists
Quests
Create
Leaderboards
Showdown
Live 5
Trivia Bingo
Activity
Puzzle Library
Sporcle Events
Private Events
Virtual Trivia
Globe League
Become a Host
Pub Owners
SporcleCon
Opinionation
Our Games
Videos
Blog
Mobile Apps
Partnerships
Remove Ads and Go Orange
Feedback
Gaming
Video Games
Board Games
Card Games
Pokémon
Mario
Nintendo
Minecraft
Console
Toys
Legend of Zelda
Gaming
Video Games
Board Games
Card Games
Pokémon
Mario
Nintendo
Minecraft
Console
Toys
Legend of Zelda
Random Quiz
Search Sporcle
×
Quiz Lab
Quiz Lab
Gaming
Pokémon
Type in answers that appear in a list
Type in answers that appear in a list
Classic
Best Score? Go Orange.
YouTube Pokemon Wi-Fi Battlers, catch phrases Stats
Can you name the YouTube Pokemon Wi-Fi Battlers catch phrases?
By
SheamusBade
10m
20 Questions
31 Plays
31 Plays
31 Plays
Comments
Comments
Give Quiz Kudos
Give Quiz Kudos
-
- Ratings
hide this ad
Forced Order
Answers have to be entered in order
Answers have to be entered in order
Random Order
Randomize order of answers
Randomize order of answers
Replay
Link that replays current quiz
Next Quiz
Link to next quiz in quiz playlist
You Got
0%
They Got
Avg Score
52%
Avg Friend Score
Upgrade to see
Score Distribution
Jump to the score distribution portion of the page
Score
0/20
Timer
10:00
0
Plays Today
Phrase
Battler
% Correct
Dick Pinch
Haydunn
87.1%
BODY BAG!
Shofu
77.4%
Whaaaaaaaat's Uuuuup Youtuuuube!!
TheFlamingSpade or KingDaddyDMAC
71%
BRAVE BIRD EVERYTHING!
Fizzystardust
67.7%
Internet, Good Morning
M4GNITUDE
58.1%
He Lives with a SMIDGEN!
Emperorznb
58.1%
Whaaaaaaaat's Gooooooooood!!
Shofu
54.8%
Anyway, hey guys it's _
_
_
_
_
_
_
Wilechase
51.6%
You're Gonna Diiiiiiiiiiiiiiiiiiiiiiiie
Shofu
48.4%
Rate, Comment sub and later guys
Wilechase
48.4%
Phrase
Battler
% Correct
How's it going guys, this is (Insert Week Day Here)'s upload
KwandaoRen66
48.4%
Whats going on Party People
TonyFlygon
48.4%
Hey, Hey, Hey
AreYouBrownXP
45.2%
Bad News Bears
TheFlamingSpade
45.2%
I Call shenanigans
TheFlamingSpade
41.9%
Hey there guys _
_
_
_
_
Here bringing you another Pokemon Narrated Wi-
Fi Battle. This is gonna be a (Normally 4th Gen NU)
TheAcousticKind
41.9%
Hello my fellow YouTubians
Emperorznb
38.7%
That is delicious
Emperorznb
38.7%
YO, how's it going on guys!
Dangerous36M
35.5%
Hopefully, HOPEFULLY! I'll see you guys next time!
M4GNITUDE
35.5%
Quiz Playlist
Details
Report
Send in Message
Add To Playlist
Classic:
Type in answers that appear in a list
Forced Order:
Answers have to be entered in order
Random Order:
Randomize order of answers
Last Updated: Feb 16, 2017
Quiz Scoreboard
CHALLENGE
Sign Up to Join the Scoreboard
Show All
Scores
Hide
Comments
May contain spoilers
Recently Published
NBA Finals Game Top Scorers (2010s)
by flibbidy
Sports
5m
Guess the 'R' Things in 3 Words
by MSUKent
Miscellaneous
3m
Actor to Badly Drawn Movie III
by MoMosMoProblems
Movies
5m
More to Explore
Quiz From the Vault
Featured Blog Post
Where Does Lost Luggage Go?
hide this ad
You Might Also Like...
Tags
Pokémon Quiz
Youtube
Today's Top Quizzes in Gaming
Browse Gaming
hide this ad
Today's Top Quizzes in Pokémon
Browse Pokémon
Top Contributed Quizzes in Gaming
1
Video Game Rainbow Blitz
2
Genshin Impact Logic Puzzle
3
Pokémon Gen IV Logic Puzzle (HARD)
4
Rainbow Six Siege Operators by Picture
5
Genshin Impact Logic Puzzle Quiz
6
Pokémon Logic Puzzle (DIFFICULT)
7
Ordering Roman Numerals: Pokémon
8
Magic: the Gathering Set Symbols - LCI
9
St. Patrick's Pick: Gaming
10
Wii Remote Buttons
Explore More
Trending Topics
Kpop
Crossword
NBA
Harry Potter
Anime
Marvel
Disney
The Office
Puzzle
Country
Song
Soccer
WWE
Pokémon
NFL
hide this ad
More By:
SheamusBade
Quiz
Plays
Rating
Category
Featured
Created
Name The WWE Superstar
34,771
1.32
Sports
Jun 4, 2011
Finish The Card - SummerSlam 2011
455
3.67
Sports
Sep 6, 2011
YouTube Pokemon Wi-Fi Battlers, catch phrases
31
3.00
Gaming
Sep 6, 2011
Go to Creator's Profile
Score Distribution
Quiz Creator Spotlight
SheamusBade
Follow
Send a Message
Quizzes Created
-
Created Quiz Play Count
-
More By This Creator
Popular Quizzes Today
1
Find the US States - No Outlines Minefield
2
Find the US States
3
The Countries of the World
4
10 Largest US States in Order
5
Find the Countries of Europe - No Outlines Minefield
6
US States
7
Guess the 'R' Things in 3 Words
8
NBA Finals Game Top Scorers (2010s)
More Gaming Quizzes
Minecraft YouTuber's based off their skin
Quiz Lab
Trending Quizzes
First Name TV: Leading Men
Match the Book to the Film II
First Name TV: Leading Women Drama
Match the Book to the Film VI
Pick A Pair: Religious TV
Recently Updated
Women's Final Four Teams by Year
bhenderson79
Presidents Quartet II
eogle
Anything But Clue(do)
eogle
Anything But Oceanian Capitals
eogle
Anything But 7
eogle
Anything But Thing
eogle
Word Ladder: February 29
pecheneg
Song Title Questions
pecheneg
Women's NCAA Tournament #1 Seeds
pecheneg
Celebrity Mug Shots
pecheneg
Trending Topics
Disney
Anime
Marvel
Crossword
NBA
Kpop
Harry Potter
WWE
Song
The Office
Pokémon
Country
Soccer
NFL
Puzzle
Your Account Isn't Verified!
In order to create a playlist on Sporcle, you need to verify the email address you used during registration. Go to your
Sporcle Settings
to finish the process.
Report this User
Report this user for behavior that violates our
Community Guidelines
.
Details:
Send Report
Go to the Sporcle.com Mobile Site →
Comments